000 00729nam a2200241 i 4500
001 17622
003 ES-MaACL
005 20251222203949.0
007 t|
008 010410s2000 sp cf |||| |bspa d
020 _a84-8432-055-3
080 _a929:53 Curie, Marie
100 1 _aSánchez Ron, José Manuel,
_d1949-
_9102904
245 1 0 _aMarie Curie y su tiempo /
_cJosé Manuel Sánchez Ron.
260 _aBarcelona :
_bCrítica,
_c2000.
300 _a237 p., [16] p. de lám. :
_b1 retr. ;
_c24 cm.
490 1 _aDrakontos
504 _aBibliografía: p. [211]-224.
600 1 4 _aCurie, Marie,
_d1867-1934
_9242639
830 0 _aDrakontos
_9179166
852 _aES-MaACL
_jL-24533
999 _c17622
_d17622